000 00691nam a2200289Ia 4500
005 20260324111350.0
008 008 260324s9999 xx 000 0 eng d
020 _a9781003248699
037 _aEBOOK
040 _aCRL
040 _beng
040 _cCRL
041 _2eng
041 _aeng
084 _qCRL
100 _aMarco Biasioli
_91138253
245 0 _aIndependent Music in Russia
245 0 _bEscapism, Patriotism and Protest (2008-2022)
260 _bTaylor and Francis
260 _c2025
365 _a
365 _b230
856 _uhttp://www.taylorfrancis.com/books/9781003248699
942 _cEBOOK
999 _c1727052
_d1727052